Archaeology and historic buildings (Record no. 94968)

MARC details
000 -LEADER
fixed length control field 01265cam a2200313 4500
008 - FIXED-LENGTH DATA ELEMENTS--GENERAL INFORMATION
fixed length control field 090401t1996 xxu||||| |||| 00| 0 eng d
020 ## - INTERNATIONAL STANDARD BOOK NUMBER
International Standard Book Number 0854067981
035 ## - SYSTEM CONTROL NUMBER
System control number (Sirsi) u67073
041 0# - LANGUAGE CODE
Language code of text/sound track or separate title eng
050 04 - LIBRARY OF CONGRESS CALL NUMBER
Classification number 690.241026 $2 18
090 ## - LOCALLY ASSIGNED LC-TYPE CALL NUMBER (OCLC); LOCAL CALL NUMBER (RLIN)
Classification number (OCLC) (R) ; Classification number, CALL (RLIN) (NR) RICS 1996/98ABCD
110 2# - MAIN ENTRY--CORPORATE NAME
Corporate name or jurisdiction name as entry element Royal Institution of Chartered Surveyors
9 (RLIN) 4900
245 00 - TITLE STATEMENT
Title Archaeology and historic buildings
Remainder of title guidelines for mineral surveyors
260 ## - PUBLICATION, DISTRIBUTION, ETC.
Place of publication, distribution, etc. London
Name of publisher, distributor, etc. RICS
Date of publication, distribution, etc. 1996
300 ## - PHYSICAL DESCRIPTION
Extent 10p.
Dimensions 30cm.
350 ## - PRICE (NR) (BK AM CF MU VM SE) [OBSOLETE]
Price 6.50
490 0# - SERIES STATEMENT
Series statement RICS Minerals Practice Skills Panel Information Paper
Volume/sequential designation 6
520 ## - SUMMARY, ETC.
Summary, etc. Provides background information on relevent legislation in the area and covers UK government guidance through PPG15 and PPG16.
520 ## - SUMMARY, ETC.
Summary, etc. OUT OF DATE ARCHIVED 23 DECEMBER 2016
650 24 - SUBJECT ADDED ENTRY--TOPICAL TERM
Topical term or geographic name entry element ARCHAEOLOGICAL INSTIGATIONS CIB CODE OF PRACTICE FOR MINERAL OPERATIONS
650 24 - SUBJECT ADDED ENTRY--TOPICAL TERM
Topical term or geographic name entry element PPG15
650 24 - SUBJECT ADDED ENTRY--TOPICAL TERM
Topical term or geographic name entry element PPG16
651 #4 - SUBJECT ADDED ENTRY--GEOGRAPHIC NAME
Geographic name England and Wales
Chronological subdivision 1543-
690 ## - LOCAL SUBJECT ADDED ENTRY--TOPICAL TERM (OCLC, RLIN)
Topical term or geographic name as entry element BUILT ENVIRONMENT-BUILDING TYPES-HISTORIC BUILDINGS AND ANCIENT MONUMENTS
856 41 - ELECTRONIC LOCATION AND ACCESS
Uniform Resource Identifier <a href="https://www.rics.org/Global/Downloads/Archaeology_and_historic_buildings_1st_edition_PGguidance_1996.pdf">https://www.rics.org/Global/Downloads/Archaeology_and_historic_buildings_1st_edition_PGguidance_1996.pdf</a>
Public note View the guidance free of charge at www.rics.org/guidance...
942 ## - ADDED ENTRY ELEMENTS (KOHA)
Suppress in OPAC 0
948 ## - LOCAL PROCESSING INFORMATION (OCLC); SERIES PART DESIGNATOR (RLIN)
c (OCLC) 04/03/1997
Holdings
Withdrawn status Lost status Source of classification or shelving scheme Damaged status Not for loan Home library Current library Shelving location Date acquired Cost, normal purchase price Total Checkouts Full call number Barcode Date last seen Copy number Cost, replacement price Price effective from Koha item type
    Dewey Decimal Classification     London London RICS Boxes 11/11/1996 6.50   RICS 1996/98 30050583 06/08/2019 1 6.50 06/08/2019 Archive
    Dewey Decimal Classification     London London RICS Boxes 11/11/1996 6.50   RICS 1996/98 30050584 06/08/2019 2 6.50 06/08/2019 Reference material
    Dewey Decimal Classification     London London RICS Boxes 11/11/1996 6.50   RICS 1996/98 30050585 06/08/2019 3 6.50 06/08/2019 Book
    Dewey Decimal Classification     Virtual Virtual Online 04/10/2006     ONLINE PUBLICATION 67073-3001 06/08/2019 1   06/08/2019 Book